| 000 | 00817nam a2200253 i 4500 | ||
|---|---|---|---|
| 001 | 44893 | ||
| 003 | ES-MaACL | ||
| 005 | 20250808012655.0 | ||
| 007 | t| | ||
| 008 | 030324s1952 sp ||||1| spa d | ||
| 080 | _a291.24.4 | ||
| 100 | 1 |
_aClouzot, Henri-Georges. _939307 |
|
| 245 | 1 | 3 |
_aEl caballo de los dioses / _cHenri-Georges Clouzot ; [traducción del francés por Edmond Vallés]. |
| 250 | _a1ª ed. | ||
| 260 |
_aBarcelona : _bAymá, _c1952 ( _fImp. Juvenil) |
||
| 300 |
_a222 p., 16 lám. ; _c22 cm. |
||
| 490 | 1 |
_aLos caminos de la vida ; _v2 |
|
| 650 | 4 |
_aCultos afro-brasileños. _9173698 |
|
| 650 | 4 |
_aMagia- _zAmérica latina. _914730 |
|
| 700 | 1 |
_aVallès, Edmon. _9112874 |
|
| 830 | 1 | 4 |
_aLos caminos de la vida _v2 _9182340 |
| 852 |
_aES-MaACL _jD-8582 |
||
| 999 |
_c44893 _d44893 |
||